书目信息 |
| 题名: |
DEFORM-3D塑性成形CAE应用教程(第2版)
|
|
| 作者: | 胡建军 李小平 主编 | |
| 分册: | ||
| 出版信息: | 北京 北京大学出版社 2020.08 |
|
| 页数: | 284页 | |
| 开本: | 26cm | |
| 丛书名: | ||
| 单 册: | ||
| 中图分类: | TG301-39 | |
| 科图分类: | ||
| 主题词: | 金属压力加工 | |
| 电子资源: | ||
| ISBN: | 7-301-31490-6 | |
| 000 | 00679nam0 2200193 450 | |
| 001 | 2337433181 | |
| 005 | 20230215103014.53 | |
| 010 | @a7-301-31490-6@dCNY56.00 | |
| 100 | @a20230215d2020 km y0chiy0120 ea | |
| 101 | 0 | @achi |
| 102 | @aCN@b110000 | |
| 200 | 1 | @aDEFORM-3D塑性成形CAE应用教程(第2版)@ADEFORM-3D Su Xing Cheng Xing CAE Ying Yong Jiao Cheng(Di 2 Ban)@f胡建军 李小平主编@FHu Jian Jun Li Xiao Ping Zhu Bian |
| 210 | @a北京@c北京大学出版社@d2020.08 | |
| 215 | @a284页@d26cm | |
| 606 | 0 | @a金属压力加工 |
| 690 | @aTG301-39@v4 | |
| 701 | 0 | @a胡建军 李小平@AHu Jian Jun Li Xiao Ping@4主编 |
| 801 | 0 | @aCN@b大连网信软件有限公司图书馆·11@c20230215 |
| 905 | @aZUCC@dTG301-39@e23 | |
| DEFORM-3D塑性成形CAE应用教程(第2版)/胡建军 李小平主编.-北京:北京大学出版社,2020.08 |
| 284页;26cm |
| ISBN 7-301-31490-6:CNY56.00 |
| ● |
| 相关链接 |
|
|
|
|
正题名:DEFORM-3D塑性成形CAE应用教程(第2版)
索取号:TG301-39/23
 
预约/预借
| 序号 | 登录号 | 条形码 | 馆藏地/架位号 | 状态 | 备注 |
| 1 | 1052670 | 210526705 | 第二样本阅览室/ [索取号:TG301-39/23] | 在馆 |